Lét-megértés-irodalom ontológiai-hermeneutikai összefüggésrendszer Kolozsvári Papp László Az alkoholista halála című regényében /
Elmentve itt :
| Szerző: | |
|---|---|
| További közreműködők: | |
| Dokumentumtípus: | Könyv része |
| Megjelent: |
1985
|
| Sorozat: | Studia poetica
6 Az elbeszélés értelmezésének stratégiái 6 |
| Kulcsszavak: | Magyar irodalom története - 20. sz. |
| Tárgyszavak: | |
| Online Access: | http://acta.bibl.u-szeged.hu/17160 |
| LEADER | 00905naa a2200229 i 4500 | ||
|---|---|---|---|
| 001 | acta17160 | ||
| 005 | 20220114125645.0 | ||
| 008 | 161015s1985 hu o 0|| hun d | ||
| 022 | |a 0209-9403 | ||
| 040 | |a SZTE Egyetemi Kiadványok Repozitórium |b hun | ||
| 041 | |a hun | ||
| 100 | 2 | |a Cs. Gyimesi Éva | |
| 245 | 1 | 0 | |a Lét-megértés-irodalom |h [elektronikus dokumentum] : |b ontológiai-hermeneutikai összefüggésrendszer Kolozsvári Papp László Az alkoholista halála című regényében / |c Cs. Gyimesi Éva |
| 260 | |c 1985 | ||
| 300 | |a 277-289 | ||
| 490 | 0 | |a Studia poetica |v 6 | |
| 490 | 0 | |a Az elbeszélés értelmezésének stratégiái |v 6 | |
| 650 | 4 | |a Bölcsészettudományok | |
| 650 | 4 | |a Nyelvek és irodalom | |
| 695 | |a Magyar irodalom története - 20. sz. | ||
| 700 | 0 | 2 | |a Kolozsvári Papp László |
| 856 | 4 | 0 | |u http://acta.bibl.u-szeged.hu/17160/1/studia_poetica_006_277-289.pdf |z Dokumentum-elérés |